| 000 | 00521nam a22001817a 4500 | ||
|---|---|---|---|
| 005 | 20250605105449.0 | ||
| 008 | 250605b |||||||| |||| 00| 0 eng d | ||
| 020 | _a0-395-92320-4 | ||
| 050 | _aQA 152.2.A94 1999 | ||
| 100 | _aAUFMANN RICHARD N. | ||
| 245 | _aBASIC COLLEGE MATHEMATICS:AN APPLIED APPROACH | ||
| 250 | _a6 | ||
| 260 |
_aNEWYORK _bHOUGHTON MIFFLIN COMPANY |
||
| 300 | _aX,556 | ||
| 500 | _aINCLUDES APPENDIX,COMPOUND INTEREST TABLE,MONTHY PAYMENT TABLE | ||
| 650 | _aMATHEMATICS | ||
| 942 |
_2lcc _cBK |
||
| 999 |
_c215583 _d215583 |
||